[Event "ESP-chT Rapid"]
[Site "Toledo"]
[Date "2022.09.25"]
[Round "9"]
[White "Garcia Moreno, Carlos"]
[Black "Santos Latasa, Jaime"]
[Result "0-1"]
[WhiteElo "2268"]
[BlackElo "2680"]
[PlyCount "62"]
[EventDate "2022.09.24"]
[EventType "team-swiss (rapid)"]
[EventRounds "9"]
[EventCountry "ESP"]
[SourceTitle "CBM 210 Extra"]
[Source "ChessBase"]
[SourceDate "2022.11.30"]
[SourceVersion "1"]
[SourceVersionDate "2022.11.30"]
[SourceQuality "1"]
[WhiteTeam "Tomelloso"]
[BlackTeam "Extremadura Magic"]
[WhiteTeamCountry "ESP"]
[BlackTeamCountry "ESP"]

1. e4 c5 2. Nf3 d6 3. d4 cxd4 4. Nxd4 Nf6 5. Nc3 a6 6. Be2 e5 7. Nb3 Be7 8. a4 0-0 9. 0-0 Nc6 10. Be3 Be6 11. f3 Nb4 12. Re1 Qc7 13. a5 Rac8 14. Bf1 d5 15. Bb6 Qb8 16. exd5 Nfxd5 17. Nxd5 Nxd5 18. Bf2 Rfd8 19. Qe2 Nb4 20. Rac1 Bxb3 21. cxb3 Rxc1 22. Rxc1 Nd3 23. Rc4 Nxf2 24. Qxf2 g6 25. b4 Rd5 26. Qc2 Kg7 27. Bd3 Qd6 28. Bf1 Bg5 29. Rc7 Be3+ 30. Kh1 Rd1 31. Qc4 Qxc7 0-1

[Event "Roquetas de Mar op 33rd"]
[Site "Roquetas de Mar"]
[Date "2022.01.06"]
[Round "4"]
[White "Garcia Ramos, Daniel"]
[Black "Garcia Moreno, Carlos"]
[Result "1-0"]
[WhiteElo "2438"]
[BlackElo "2356"]
[PlyCount "97"]
[EventDate "2022.01.04"]
[EventType "swiss"]
[EventRounds "9"]
[EventCountry "ESP"]
[SourceTitle "EXT 2023"]
[Source "ChessBase"]
[SourceDate "2022.10.05"]
[SourceVersion "1"]
[SourceVersionDate "2022.10.05"]
[SourceQuality "1"]

1. c4 Nf6 2. Nf3 e6 3. g3 d5 4. Bg2 Be7 5. 0-0 0-0 6. d4 dxc4 7. Qc2 a6 8. a4 Bd7 9. Qxc4 Bc6 10. Bf4 Bd6 11. Nc3 Nbd7 12. Qd3 Re8 13. Bxd6 cxd6 14. e4 b5 15. e5 dxe5 16. dxe5 Ng4 17. Rfd1 Qb6 18. Qe2 b4 19. Ne4 Red8 20. Nd4 Ngxe5 21. a5 Qa7 22. Nxc6 Nxc6 23. Ng5 Nde5 24. Qc2 h6 25. Bxc6 Nxc6 26. Nxf7 Nd4 27. Nxh6+ gxh6 28. Qe4 Qg7 29. Rac1 e5 30. Kg2 Rac8 31. Rxc8 Rxc8 32. Rxd4 exd4 33. Qe6+ Qf7 34. Qxc8+ Kh7 35. Qc2+ Kg7 36. Qe4 Qd7 37. Qe5+ Kg6 38. Kf1 d3 39. Qe4+ Kf6 40. Ke1 Qa4 41. Qd4+ Kg5 42. Qd8+ Kg4 43. Qxd3 Qxa5 44. Qg6+ Kf3 45. Qc6+ Kg4 46. Kf1 Kg5 47. Kg2 Qf5 48. f4+ Kh5 49. Qe8+ 1-0

[Event "ESP-chT Rapid"]
[Site "Ciudad Real"]
[Date "2021.10.09"]
[Round "2.2"]
[White "Garcia Moreno, Carlos"]
[Black "Oparin, Grigoriy"]
[Result "0-1"]
[WhiteElo "2351"]
[BlackElo "2654"]
[PlyCount "86"]
[EventDate "2021.10.09"]
[EventType "team-swiss (rapid)"]
[EventRounds "9"]
[EventCountry "ESP"]
[SourceTitle "CBM 204 Extra"]
[Source "ChessBase"]
[SourceDate "2021.11.30"]
[SourceVersion "1"]
[SourceVersionDate "2021.11.30"]
[SourceQuality "1"]
[WhiteTeam "Tomelloso"]
[BlackTeam "Extremadura Magic"]
[WhiteTeamCountry "ESP"]
[BlackTeamCountry "ESP"]

1. e4 e5 2. Nf3 Nc6 3. Bc4 Bc5 4. c3 Nf6 5. d3 h6 6. 0-0 d6 7. a4 a5 8. Be3 Bxe3 9. fxe3 0-0 10. Nbd2 d5 11. exd5 Nxd5 12. Qe2 Be6 13. Bb5 f6 14. Bxc6 bxc6 15. d4 exd4 16. Nxd4 Bd7 17. e4 Nb6 18. e5 Re8 19. e6 c5 20. Qg4 cxd4 21. exd7 Qxd7 22. Qxd7 Nxd7 23. cxd4 Nb6 24. b3 Red8 25. Rf4 Nd5 26. Re4 Nc3 27. Re7 Rxd4 28. Nf3 Rb4 29. Rxc7 Ne2+ 30. Kf1 Nf4 31. Rd1 Rxb3 32. Rdd7 Rb1+ 33. Kf2 Rb2+ 34. Ke3 Ne6 35. Rc6 Re8 36. Kd3 Rxg2 37. Nd4 Nxd4 38. Rxd4 Rxh2 39. Rg4 h5 40. Rg1 Rh3+ 41. Kc4 Rh4+ 42. Kb5 Re5+ 43. Ka6 Rg4 0-1

[Event "ESP-chT CECLUB Div2"]
[Site "Linares"]
[Date "2021.08.10"]
[Round "3.7"]
[White "Garcia Moreno, Carlos"]
[Black "Fernandez Borrego, Pablo"]
[Result "1/2-1/2"]
[WhiteElo "2319"]
[BlackElo "2403"]
[PlyCount "118"]
[EventDate "2021.08.09"]
[EventType "team-swiss"]
[EventRounds "7"]
[EventCountry "ESP"]
[SourceTitle "CBM 203 Extra"]
[Source "ChessBase"]
[SourceDate "2021.09.30"]
[SourceVersion "1"]
[SourceVersionDate "2021.09.30"]
[SourceQuality "1"]
[WhiteTeam "Tomelloso"]
[BlackTeam "Circulo Ferrolano"]
[WhiteTeamCountry "ESP"]
[BlackTeamCountry "ESP"]

1. e4 c5 2. Nf3 g6 3. d4 cxd4 4. Nxd4 Bg7 5. Nc3 Nc6 6. Nde2 Nf6 7. g3 b5 8. Bg2 b4 9. Nd5 a5 10. 0-0 Ba6 11. a3 0-0 12. Re1 Ng4 13. h3 Nge5 14. axb4 axb4 15. Rxa6 Rxa6 16. f4 Nc4 17. Qd3 N6a5 18. b3 e6 19. bxc4 exd5 20. cxd5 Qc8 21. e5 Nc4 22. Nd4 Qc5 23. Kh2 Rc8 24. Nb3 Qa7 25. Re4 Na3 26. Be3 Qa8 27. Bc5 Ra5 28. Bxb4 Rxd5 29. Rd4 Rxd4 30. Nxd4 Qa4 31. Qxa3 Qxa3 32. Bxa3 Rc4 33. Bb2 Rb4 34. Bc3 Rc4 35. Ne2 Kf8 36. Bd5 Ra4 37. Kg2 Ke8 38. Bb3 Ra6 39. Nd4 Bf8 40. Kf3 Bc5 41. Nb5 Rc6 42. Bd2 f6 43. Ke4 fxe5 44. fxe5 Be7 45. Be3 Kd8 46. Nd4 Ra6 47. Bg8 Ke8 48. e6 Kf8 49. Bf7 Bf6 50. Kd5 Ke7 51. exd7 Ra5+ 52. Kc4 Kxf7 53. Nc6 Ra8 54. Kd5 Be7 55. c4 Ra3 56. d8Q Bxd8 57. Nxd8+ Ke8 58. Bg5 Rxg3 59. h4 h6 1/2-1/2

[Event "Roquetas de Mar op 31st"]
[Site "Roquetas de Mar"]
[Date "2020.01.05"]
[Round "6"]
[White "Shariyazdanov, Andrey"]
[Black "Garcia Moreno, Carlos"]
[Result "1-0"]
[WhiteElo "2519"]
[BlackElo "2289"]
[PlyCount "107"]
[EventDate "2020.01.02"]
[EventType "swiss"]
[EventRounds "9"]
[EventCountry "ESP"]
[SourceTitle "CBM 194 Extra"]
[Source "ChessBase"]
[SourceDate "2020.03.31"]
[SourceVersion "1"]
[SourceVersionDate "2020.03.31"]
[SourceQuality "1"]

1. Nf3 Nf6 2. c4 e6 3. Nc3 d5 4. d4 Bb4 5. Qa4+ Nc6 6. Bg5 h6 7. Bxf6 Qxf6 8. e3 0-0 9. Rc1 Rd8 10. cxd5 exd5 11. Bd3 Bg4 12. Nd2 Qg5 13. h4 Qe7 14. a3 Bxc3 15. Rxc3 Rd6 16. Bb5 Bd7 17. g3 a6 18. Bxc6 Rxc6 19. Rxc6 Bxc6 20. Qc2 Bb5 21. a4 Bd7 22. 0-0 Qb4 23. b3 Rc8 24. Rc1 b6 25. Qd3 a5 26. Nf3 Qa3 27. Rc3 f6 28. h5 Qe7 29. Nh4 Qe4 30. Qa6 Qe6 31. Ng6 Kf7 32. Nf4 Qd6 33. Qb7 c5 34. dxc5 bxc5 35. Qxd5+ Qxd5 36. Nxd5 Be6 37. Nb6 Rc6 38. Nc4 Bxc4 39. Rxc4 Ke6 40. Kf1 Kd5 41. Ke2 Rb6 42. Rc3 Rb4 43. Kd3 c4+ 44. Rxc4 Rxb3+ 45. Rc3 Rb4 46. Rc7 Rg4 47. e4+ Rxe4 48. Rd7+ Ke6 49. Kxe4 Kxd7 50. Kd5 Ke7 51. Kc5 Ke6 52. Kb5 Kf5 53. Kxa5 Kg4 54. Kb4 1-0

[Event "Guimaraes op 3rd"]
[Site "Guimaraes"]
[Date "2019.09.01"]
[Round "7"]
[White "Garcia Moreno, Carlos"]
[Black "Gomez Peco, David"]
[Result "0-1"]
[WhiteElo "2292"]
[BlackElo "2104"]
[PlyCount "94"]
[EventDate "2019.08.28"]
[EventType "swiss"]
[EventRounds "7"]
[EventCountry "POR"]
[SourceTitle "EXT 2020"]
[Source "ChessBase"]
[SourceDate "2019.10.17"]
[SourceVersion "1"]
[SourceVersionDate "2019.10.17"]
[SourceQuality "1"]

1. e4 c5 2. Nf3 Nc6 3. Bb5 g6 4. 0-0 Bg7 5. c3 e5 6. Re1 Nge7 7. b4 cxb4 8. cxb4 0-0 9. Nc3 d6 10. Rb1 Bg4 11. Be2 d5 12. exd5 Nxd5 13. b5 Nce7 14. Ba3 Re8 15. Qa4 Nf4 16. Bf1 Bxf3 17. gxf3 Nf5 18. Ne4 Nd4 19. Re3 f5 20. Nd6 Re6 21. Nxb7 Qg5+ 22. Kh1 Qh4 23. Nc5 Ree8 24. Nd3 Nxd3 25. Rxd3 Qxf2 26. Bc5 Rad8 27. Bxa7 Bh6 28. Qd1 Bf4 29. Bg2 Qh4 30. h3 Qg3 31. Qg1 Ne2 32. Rxd8 Nxg1 33. Rxe8+ Kf7 34. Bxg1 Kxe8 35. d3 e4 36. dxe4 fxe4 37. fxe4 Qd3 38. Rb3 Qc2 39. Ra3 Qc1 40. Rf3 Be5 41. b6 Qb1 42. Rb3 Qxa2 43. Rb5 Qa1 44. b7 Bb8 45. e5 Ke7 46. Rb3 Ba7 47. Bf1 Qxf1 0-1

[Event "Guimaraes op 3rd"]
[Site "Guimaraes"]
[Date "2019.08.31"]
[Round "5"]
[White "Garcia Moreno, Carlos"]
[Black "Bukhteeva, Viktoria"]
[Result "1-0"]
[WhiteElo "2292"]
[BlackElo "2128"]
[PlyCount "83"]
[EventDate "2019.08.28"]
[EventType "swiss"]
[EventRounds "7"]
[EventCountry "POR"]
[SourceTitle "EXT 2020"]
[Source "ChessBase"]
[SourceDate "2019.10.17"]
[SourceVersion "1"]
[SourceVersionDate "2019.10.17"]
[SourceQuality "1"]

1. e4 c5 2. Nf3 e6 3. d4 cxd4 4. Nxd4 Nf6 5. Nc3 Nc6 6. Ndb5 Bc5 7. Bf4 0-0 8. Bc7 Qe7 9. Bd6 Bxd6 10. Qxd6 Qd8 11. 0-0-0 a6 12. Nd4 Qb6 13. Nxc6 bxc6 14. f3 Ne8 15. Qd4 Qxd4 16. Rxd4 d5 17. Ra4 Nc7 18. Ra5 Rd8 19. Bd3 Rb8 20. Re1 dxe4 21. Bxe4 Nd5 22. Rc5 Bd7 23. Bd3 Rb6 24. Re4 Rdb8 25. b3 Kf8 26. Ra4 Ra8 27. Raa5 Ke7 28. Na4 Rbb8 29. Nb2 Nb4 30. Be2 f6 31. c4 e5 32. a3 Na2+ 33. Kc2 Rxb3 34. Kxb3 Nc1+ 35. Kc2 Nxe2 36. Rxe5+ fxe5 37. Rxe5+ Kf6 38. Rxe2 c5 39. Kc3 Bf5 40. g4 Be6 41. Nd3 Rc8 42. Re5 1-0

[Event "ESP-ch U18"]
[Site "Granada"]
[Date "2009.07.22"]
[Round "5"]
[White "Garcia Moreno, Carlos"]
[Black "Torres Ventosa, Pedro Eugenio"]
[Result "1-0"]
[WhiteElo "2245"]
[BlackElo "2135"]
[PlyCount "77"]
[EventDate "2009.07.20"]
[EventType "swiss"]
[EventRounds "9"]
[EventCountry "ESP"]
[SourceTitle "CBM 131 Extra"]
[Source "ChessBase"]
[SourceDate "2009.09.03"]
[SourceVersion "2"]
[SourceVersionDate "2009.09.16"]
[SourceQuality "1"]

1. e4 d6 2. d4 Nf6 3. Nc3 e5 4. Nf3 Nbd7 5. Bc4 Be7 6. 0-0 0-0 7. Re1 c6 8. a4 b6 9. d5 cxd5 10. Nxd5 Nxd5 11. Bxd5 Rb8 12. c4 Nf6 13. Nd2 Nxd5 14. cxd5 f5 15. f3 f4 16. Nc4 Ba6 17. b3 Rc8 18. Qc2 Rf6 19. Ba3 Rh6 20. Re2 Bf8 21. Bb4 Rc7 22. Rc1 Rf7 23. a5 Rff6 24. axb6 axb6 25. Be1 Rfg6 26. Qa2 Bc8 27. Qa8 Qd7 28. Nxe5 Qh3 29. Rf2 Qxh2+ 30. Kf1 Ba6+ 31. Qxa6 Qh1+ 32. Ke2 dxe5 33. Rc8 Rxg2 34. Rxf8+ Kxf8 35. Qc8+ Kf7 36. Qd7+ Kf6 37. Qe6+ Kg5 38. Qf5+ Kh4 39. Rxg2+ 1-0

[Event "ESP-ch U18"]
[Site "Granada"]
[Date "2009.07.22"]
[Round "4"]
[White "Zamarbide Inarrea, Daniel"]
[Black "Garcia Moreno, Carlos"]
[Result "1/2-1/2"]
[WhiteElo "2176"]
[BlackElo "2245"]
[PlyCount "58"]
[EventDate "2009.07.20"]
[EventType "swiss"]
[EventRounds "9"]
[EventCountry "ESP"]
[SourceTitle "CBM 131 Extra"]
[Source "ChessBase"]
[SourceDate "2009.09.03"]
[SourceVersion "2"]
[SourceVersionDate "2009.09.16"]
[SourceQuality "1"]

1. e4 e5 2. Nf3 Nc6 3. Bb5 a6 4. Bxc6 dxc6 5. 0-0 f6 6. d4 exd4 7. Nxd4 c5 8. Ne2 Qxd1 9. Rxd1 Bd7 10. Nbc3 0-0-0 11. Bf4 Ne7 12. f3 Re8 13. Rd2 Ng6 14. Bg3 Ne5 15. Rad1 Bd6 16. Bxe5 Rxe5 17. Nd5 Bc6 18. Ne3 Ree8 19. Nf5 Bf8 20. Nf4 b5 21. Nd5 g6 22. Nfe3 Bh6 23. Rd3 Rhf8 24. c4 f5 25. exf5 gxf5 26. b3 f4 27. Ng4 Bg7 28. Kf1 Bd4 29. Nf2 Rd8 1/2-1/2

[Event "ESP-ch zone 2"]
[Site "Merida"]
[Date "2008.08.19"]
[Round "2.1"]
[White "Ibarra Jerez, Jose Carlos"]
[Black "Garcia Moreno, Carlos"]
[Result "1-0"]
[WhiteElo "2496"]
[BlackElo "2176"]
[PlyCount "77"]
[EventDate "2008.08.18"]
[EventType "swiss"]
[EventRounds "4"]
[EventCountry "ESP"]
[SourceTitle "CBM 126 Extra"]
[Source "ChessBase"]
[SourceDate "2008.11.05"]
[SourceVersion "1"]
[SourceVersionDate "2008.11.05"]
[SourceQuality "1"]

1. e4 e5 2. Nf3 Nc6 3. Bb5 a6 4. Bxc6 dxc6 5. 0-0 f6 6. d4 exd4 7. Nxd4 c5 8. Nb3 Qxd1 9. Rxd1 Bg4 10. f3 Be6 11. Bf4 c4 12. Na5 Bc5+ 13. Kf1 Bb6 14. b4 cxb3 15. axb3 Ra7 16. Nc3 Ne7 17. Nc4 Kf7 18. Nxb6 cxb6 19. Nb5 Raa8 20. Nd6+ Kg6 21. Nxb7 Rhc8 22. Rd2 Ra7 23. Nd6 Rd8 24. g4 Nc6 25. Ke2 h5 26. Be3 Rb8 27. h3 Kh7 28. f4 hxg4 29. f5 Bd7 30. hxg4 Ne5 31. g5 fxg5 32. Bd4 Nc6 33. Bb2 Ne7 34. Rh1+ Kg8 35. Ke3 Nc8 36. Rdh2 Nxd6 37. Rh8+ Kf7 38. Rxb8 Bc6 39. Rh7 1-0

[Event "ESP-ch U18"]
[Site "Padron"]
[Date "2008.07.31"]
[Round "7"]
[White "Garcia Moreno, Carlos"]
[Black "Robles Garcia, Claudia"]
[Result "1/2-1/2"]
[WhiteElo "2176"]
[BlackElo "2256"]
[PlyCount "67"]
[EventDate "2008.07.27"]
[EventType "swiss"]
[EventRounds "9"]
[EventCountry "ESP"]
[SourceTitle "CBM 125 Extra"]
[Source "ChessBase"]
[SourceDate "2008.09.01"]
[SourceVersion "1"]
[SourceVersionDate "2008.09.01"]
[SourceQuality "1"]

1. e4 c5 2. Nf3 d6 3. d4 cxd4 4. Nxd4 Nf6 5. Nc3 a6 6. Be2 e5 7. Nb3 Be7 8. 0-0 0-0 9. Kh1 Nc6 10. f4 b5 11. a4 b4 12. Nd5 Nxe4 13. Bf3 f5 14. Nxe7+ Nxe7 15. fxe5 dxe5 16. Qxd8 Rxd8 17. Bxe4 fxe4 18. Bg5 Re8 19. Nc5 h6 20. Bxe7 Rxe7 21. Nxe4 Bb7 22. Rae1 Rc8 23. Rf2 Rd7 24. h3 a5 25. Kh2 Ba6 26. Rf6 Bb7 27. Rd6 Rdc7 28. Rb6 Bxe4 29. Rxe4 Rxc2 30. Rb5 R8c5 31. Rxe5 Rxe5 32. Rxe5 Rxb2 33. Rxa5 Ra2 34. Ra7 1/2-1/2

[Event "ESP-ch U18"]
[Site "Padron"]
[Date "2008.07.29"]
[Round "4"]
[White "Garcia Moreno, Carlos"]
[Black "Rubio Mejia, Luis Ignacio"]
[Result "0-1"]
[WhiteElo "2176"]
[BlackElo "2386"]
[PlyCount "146"]
[EventDate "2008.07.27"]
[EventType "swiss"]
[EventRounds "9"]
[EventCountry "ESP"]
[SourceTitle "CBM 125 Extra"]
[Source "ChessBase"]
[SourceDate "2008.09.01"]
[SourceVersion "1"]
[SourceVersionDate "2008.09.01"]
[SourceQuality "1"]

1. e4 c5 2. Nf3 d6 3. d4 cxd4 4. Nxd4 Nf6 5. Nc3 a6 6. Be2 e5 7. Nb3 Be7 8. a4 0-0 9. 0-0 Nbd7 10. a5 Qc7 11. Be3 b5 12. axb6 Nxb6 13. Qd3 h6 14. Na5 Be6 15. f4 exf4 16. Bxf4 Nbd7 17. Kh1 Ne5 18. Qg3 Ng6 19. Nb3 Nxf4 20. Qxf4 Qb6 21. Qf3 Rfc8 22. Rfc1 Ng4 23. h3 Nf2+ 24. Kh2 Bf6 25. Bxa6 Be5+ 26. g3 Rxc3 27. bxc3 Nxh3 28. Nd4 Bxd4 29. cxd4 Rxa6 30. Rcb1 Qa7 31. Rxa6 Qxa6 32. d5 Ng5 33. Qd3 Qxd3 34. cxd3 Bg4 35. Rb6 Be2 36. Rxd6 Kf8 37. Kg2 Bxd3 38. e5 Ke7 39. Rb6 Be4+ 40. Kf2 Bxd5 41. Ke3 g6 42. Ra6 h5 43. Rd6 Bh1 44. Rb6 Ne6 45. Rb1 Bg2 46. Rb2 Bh3 47. Rb8 Bf5 48. Ra8 g5 49. Rh8 Bg6 50. Rb8 Ng7 51. Rb6 Bf5 52. Ra6 Bd7 53. Rb6 Nf5+ 54. Kf2 Kf8 55. Ra6 Kg7 56. Rb6 Be6 57. Rb8 Nd4 58. Ke3 Nc6 59. Rb5 Kg6 60. Ke4 Ne7 61. Rb6 Nf5 62. Kf3 h4 63. gxh4 Nxh4+ 64. Ke4 g4 65. Kf4 Ng2+ 66. Ke4 Kg5 67. Rb8 Kh4 68. Rb2 Kh3 69. Rb8 g3 70. Rh8+ Nh4 71. Ke3 Kg4 72. Rg8+ Ng6 73. Ke2 Kf4 0-1

[Event "ESP-ch U18"]
[Site "Padron"]
[Date "2008.07.27"]
[Round "1"]
[White "Tirapo Larcuen, Ana"]
[Black "Garcia Moreno, Carlos"]
[Result "0-1"]
[WhiteElo "1880"]
[BlackElo "2176"]
[PlyCount "60"]
[EventDate "2008.07.27"]
[EventType "swiss"]
[EventRounds "9"]
[EventCountry "ESP"]
[SourceTitle "CBM 125 Extra"]
[Source "ChessBase"]
[SourceDate "2008.09.01"]
[SourceVersion "1"]
[SourceVersionDate "2008.09.01"]
[SourceQuality "1"]

1. e4 e5 2. Nf3 Nc6 3. Bb5 a6 4. Ba4 Nf6 5. d3 b5 6. Bb3 Be7 7. Nbd2 0-0 8. c3 d6 9. Nf1 h6 10. Ne3 Na5 11. Bc2 c5 12. 0-0 Re8 13. Re1 Bf8 14. Bd2 Rb8 15. Nd5 Be6 16. Nxf6+ Qxf6 17. Be3 Red8 18. b4 cxb4 19. cxb4 Nc6 20. a3 d5 21. Qb1 dxe4 22. dxe4 a5 23. bxa5 Nxa5 24. Nd2 b4 25. axb4 Bxb4 26. Qc1 Nc4 27. Re2 Bg4 28. Nf3 Bxf3 29. gxf3 Qxf3 30. Bd1 Rd6 0-1

[Event "La Roda op 35th"]
[Site "La Roda"]
[Date "2008.03.22"]
[Round "7"]
[White "Garcia Moreno, Carlos"]
[Black "Vehi Bach, Victor Manuel"]
[Result "0-1"]
[WhiteElo "2182"]
[BlackElo "2373"]
[PlyCount "62"]
[EventDate "2008.03.19"]
[EventType "swiss"]
[EventRounds "9"]
[EventCountry "ESP"]
[SourceTitle "CBM 123 Extra"]
[Source "ChessBase"]
[SourceDate "2008.05.06"]
[SourceVersion "1"]
[SourceVersionDate "2008.05.06"]
[SourceQuality "1"]

1. e4 c5 2. Nf3 e6 3. d4 cxd4 4. Nxd4 Nc6 5. Nc3 Qc7 6. Nb3 a6 7. Bd3 Nf6 8. 0-0 Be7 9. Qe2 0-0 10. f4 d6 11. Bd2 Nd7 12. a4 Nb4 13. Kh1 Nc5 14. Nxc5 dxc5 15. e5 Nxd3 16. cxd3 b6 17. Ne4 Bb7 18. Rf3 Qd7 19. Bc3 Rfd8 20. Rg3 Bxe4 21. dxe4 Bf8 22. Qh5 Qc6 23. f5 Qxe4 24. fxe6 fxe6 25. Re1 Qxa4 26. Rh3 Qc2 27. Rf1 Qg6 28. Qxg6 hxg6 29. Rg3 Ra7 30. Rxg6 Rf7 31. Ra1 Rfd7 0-1

[Event "Navalmoral op 13th"]
[Site "Navalmoral"]
[Date "2007.12.07"]
[Round "4"]
[White "Carlsson, Pontus"]
[Black "Garcia Moreno, Carlos"]
[Result "1/2-1/2"]
[WhiteElo "2481"]
[BlackElo "2165"]
[PlyCount "45"]
[EventDate "2007.12.05"]
[EventType "swiss"]
[EventRounds "9"]
[EventCountry "ESP"]
[SourceTitle "CBM 121 Extra"]
[Source "ChessBase"]
[SourceDate "2008.01.10"]
[SourceVersion "1"]
[SourceVersionDate "2008.01.10"]
[SourceQuality "1"]

1. e4 e5 2. Nf3 Nc6 3. Bb5 a6 4. Ba4 Nf6 5. 0-0 Be7 6. Re1 b5 7. Bb3 d6 8. c3 0-0 9. h3 Nb8 10. d4 Nbd7 11. Nbd2 Bb7 12. Bc2 Re8 13. Nf1 Bf8 14. Ng3 g6 15. b3 d5 16. Bg5 h6 17. Bh4 g5 18. Nxg5 hxg5 19. Bxg5 exd4 20. e5 Rxe5 21. Rxe5 Nxe5 22. Qxd4 Qd6 23. Nf5 1/2-1/2

[Event "ESP-ch U16"]
[Site "Linares"]
[Date "2007.07.25"]
[Round "6"]
[White "Garcia Moreno, Carlos"]
[Black "Camacho Collados, Marcos"]
[Result "1-0"]
[WhiteElo "2118"]
[BlackElo "2239"]
[PlyCount "151"]
[EventDate "2007.07.22"]
[EventType "swiss"]
[EventRounds "9"]
[EventCountry "ESP"]
[SourceTitle "EXT 2008"]
[Source "ChessBase"]
[SourceDate "2007.11.25"]
[SourceVersion "1"]
[SourceVersionDate "2007.11.25"]
[SourceQuality "1"]

1. e4 e5 2. Nf3 Nf6 3. Nxe5 d6 4. Nf3 Nxe4 5. Qe2 Qe7 6. d3 Nf6 7. Bg5 Nbd7 8. Nc3 Qxe2+ 9. Bxe2 g6 10. 0-0 Bg7 11. Nb5 Nd5 12. c4 a6 13. cxd5 axb5 14. d4 h6 15. Bd2 0-0 16. Rfc1 Nb6 17. Rxc7 Nxd5 18. Rcc1 Bd7 19. h3 Bc6 20. Bd1 Ne7 21. Bc3 Nf5 22. Kf1 Rfe8 23. Bb3 Bxf3 24. gxf3 Bxd4 25. Bd5 Re7 26. Rd1 Bxc3 27. bxc3 Rc8 28. Rd3 Ng7 29. Rb1 Rc5 30. Be4 Ne8 31. Rd5 Re5 32. Rxe5 dxe5 33. Bxb7 Nd6 34. Be4 Kf8 35. Rb3 Ke7 36. Bd3 Kf6 37. a3 Kg5 38. Kg2 f5 39. Kg3 Rd5 40. Be2 e4 41. h4+ Kf6 42. fxe4 Nxe4+ 43. Kg2 Nd6 44. Rb4 Rc5 45. Rb3 Ke5 46. Bd3 Kd5 47. Kf3 Kc6 48. Kg3 Nc4 49. h5 g5 50. Kg2 Nd6 51. Kg3 Kd5 52. Kf3 Kc6 53. Kg3 Ne8 54. f4 g4 55. Bb1 Nf6 56. Kh4 Rd5 57. Rb2 Kd6 58. Rb4 Ng8 59. a4 Ne7 60. Rxb5 Rd2 61. Bxf5 Nd5 62. Bxg4 Nxf4 63. Rb6+ Ke5 64. Rxh6 Rh2+ 65. Kg5 Rg2 66. Rb6 Nh3+ 67. Kh4 Nf2 68. Bf3 Rg1 69. h6 Rg8 70. h7 Rh8 71. Rb7 Nd3 72. Kg5 Nc5 73. Ra7 Ne6+ 74. Kg6 Nf8+ 75. Kh6 Kf6 76. Be4 1-0

[Event "La Roda op 34th"]
[Site "La Roda"]
[Date "2007.04.08"]
[Round "8"]
[White "Garcia Moreno, Carlos"]
[Black "Serna Lara, Sergio"]
[Result "0-1"]
[WhiteElo "2106"]
[BlackElo "2251"]
[PlyCount "86"]
[EventDate "2007.04.04"]
[EventType "swiss"]
[EventRounds "9"]
[EventCountry "ESP"]
[SourceTitle "CBM 117 Extra"]
[Source "ChessBase"]
[SourceDate "2007.05.09"]
[SourceVersion "1"]
[SourceVersionDate "2007.05.09"]
[SourceQuality "1"]

1. e4 e6 2. Nf3 d5 3. Nc3 Nf6 4. e5 Nfd7 5. d4 c5 6. dxc5 Nc6 7. Bf4 Nxc5 8. Qe2 a6 9. g3 Bd7 10. Bg2 h6 11. a3 Rc8 12. Rd1 Qa5 13. Bd2 Na4 14. Nxa4 Qxa4 15. Bc3 Na7 16. Nd4 Nb5 17. Nxb5 Bxb5 18. Qd2 Qc4 19. Qe3 Bc5 20. Qf3 Bxa3 21. Bf1 Qc6 22. Bxb5 axb5 23. h4 Be7 24. 0-0 0-0 25. Qg4 Qa6 26. Ra1 Qb6 27. Bd4 Bc5 28. Bc3 b4 29. Bd2 Kh8 30. Ra4 Ra8 31. Rxa8 Rxa8 32. Qf3 Kg8 33. Qg4 Kf8 34. Qf3 Qb5 35. g4 Qc4 36. g5 Qxc2 37. gxh6 Qxd2 38. hxg7+ Kg8 39. Qf6 Kh7 40. Kh2 Rg8 41. Rg1 Qxf2+ 42. Rg2 Qxf6 43. exf6 Bd4 0-1

[Event "La Roda op 34th"]
[Site "La Roda"]
[Date "2007.04.06"]
[Round "5"]
[White "Pomes Marcet, Juan"]
[Black "Garcia Moreno, Carlos"]
[Result "1/2-1/2"]
[WhiteElo "2388"]
[BlackElo "2106"]
[PlyCount "72"]
[EventDate "2007.04.04"]
[EventType "swiss"]
[EventRounds "9"]
[EventCountry "ESP"]
[SourceTitle "CBM 117 Extra"]
[Source "ChessBase"]
[SourceDate "2007.05.09"]
[SourceVersion "1"]
[SourceVersionDate "2007.05.09"]
[SourceQuality "1"]

1. d4 Nf6 2. c4 e6 3. Nc3 Bb4 4. e3 0-0 5. Nge2 d5 6. a3 Be7 7. Ng3 c5 8. dxc5 dxc4 9. Qc2 Nbd7 10. Bxc4 Bxc5 11. 0-0 a6 12. b4 Be7 13. Rd1 b5 14. Bd3 Bb7 15. Bb2 Rc8 16. Rac1 Qb6 17. Qb1 Rfd8 18. Nce2 Rxc1 19. Rxc1 Rc8 20. Rd1 g6 21. Ne4 Nxe4 22. Bxe4 Nf6 23. Bxb7 Qxb7 24. Qa1 Nd5 25. Ng3 Rc4 26. e4 Nb6 27. Bh8 Bf8 28. Rd8 f5 29. exf5 exf5 30. h4 Rc8 31. Rxc8 Qxc8 32. h5 Qe6 33. hxg6 hxg6 34. Bd4 Nc4 35. Qc1 Bg7 36. Bxg7 Kxg7 1/2-1/2